000 00937cam a22003017a 4500
003 CHAP
005 20220329141725.0
008 971013s1967 r 00010 d
010 _a72828
011 _a73800
035 _a83358
040 _cCHAP
082 _a658.05
_bC3
100 0 0 _aCanning, Richard G.
_918375
245 1 4 _aThe management of data processing
260 _aNew York :
_bWiley,
_c1967
300 _a124 p.
490 0 _aManager`s guide series
590 _aBATCH-UPD
_b10
_c20130110
_lUCH01
_h0653
590 _aBATCH-UPD
_b10
_c20130410
_lUCH01
_h0338
590 _aBATCH-UPD
_b10
_c20130914
_lUCH01
_h0833
590 _aCONVERSION
_b10
_c20130109
_lUCH01
_h1340
650 1 4 _aProcesamiento automático de datos en administración de empresas.
_991748
830 0 _aManager`s guide series
_970267
901 _aBK
942 _cLIBRO
949 _a658.05 C3
_bBC
_cLIBRO
_d33724000128062
_eLIBRO
_h1110
_i83358
_si
_t97.00
999 _c72828
_d72828